000
00282nam a22001337a 4500
008
170206b xxu||||| |||| 00| 0 eng d
020
_a
9780073521961
041
_a
eng
080
_a
61
100
_a
3
101
_a
SHM
245
_a
FIRST RESPONDER
_c
MCGRAW HILL
942
_2
udc
_c
BK
999
_c
4739
_d
4739